Eros e sexus /

Gespeichert in:
Bibliographische Detailangaben
1. Verfasser: Corda, Alberto (Verfasst von)
Format: Buch
Sprache:Italienisch
Veröffentlicht: [Pescara] : Tracce, stampa 1992
Schriftenreihe:Azioni parallele
Tags: Tag hinzufügen
Keine Tags, Fügen Sie das erste Tag hinzu!

MARC

LEADER 00000nam a22000007i 4500
001 IT\ICCU\CAG\1532381
003 ItRI
005 20260115232229.0
008 080211s1992 it |||||| ||||| |||||c
040 |b ita  |c importazione bologna sebina 
041 7 |a ita  |2 ISO-639-2 
100 1 |a Corda, Alberto  |0 IT\ICCU\CFIV\022761  |4 aut 
245 1 0 |a Eros e sexus /  |c Alberto Corda. 
260 |a [Pescara] :  |b Tracce,  |c stampa 1992 
300 |a 20 p. ;  |c 21 cm 
830 0 |a Azioni parallele  |0 IT\ICCU\CFI\0023273 
942 |2 ddc  |c BK  |n 0 
952 |0 0  |1 0  |4 0  |6 DOC_301_410000000000000_COR  |7 0  |9 22480  |a BO  |b BO  |d 2026-01-15  |i 3210  |l 0  |o DOC 301.41 COR  |p BO3210  |r 2026-01-15 23:22:29  |w 2026-01-15  |x [Sebina 5] [1 v.]  |y BK  |z 1 v. 
999 |c 19193  |d 19193